00518nam a22001577a 4500003000400000082001700004100002800021245005100049260004500100300000700145650001900152653005000171942001200221952011000233999001700343SGT a617.69bP23B aBhadouria, Vishal Singh aProsthetic complications in implant dentistry  aGurugram, HaryanabSGT University c2023 a89 aProsthodontics aProsthetic; implant dentistry; prosthodontics 2ddccTH 00102ddc405171aFDbFDd2024-01-12iSGTUl0o617.69 P23BpDT1751r2024-01-12 00:00:00w2024-01-12yTH c25599d25599